000 00565nam a2200193Ia 4500
003 OSt
005 20200817103107.0
008 190216s9999||||xx |||||||||||||| ||und||
020 _a9788173197116
040 _coclc
082 _a547.2
_bAHL/O
100 _aAhluwalia, V K
_94137
245 0 _aOrganic Synthesis :
_bSpecial Techniques /
_cV K Ahluwalia ; Renu Aggarwal
250 _a2nd Ed.
260 _bNarosa Pubshing House,
_c2007.
_aNew Delhi:
300 _a216p
650 _aChemistry
942 _cBK
_2ddc
_h547.2
_iAHL/O
_k547.2
_mAHL/O
999 _c3514
_d3514